| 000 | 00959nam a2200253 a 4500 | ||
|---|---|---|---|
| 001 | 1226 | ||
| 003 | BR-CuiBMT | ||
| 005 | 20231204233938.0 | ||
| 008 | 231201s2021 baba 000 0 por d | ||
| 020 | _a9786599280818 | ||
| 040 |
_aBR-CuiBMT _cBR-CuiBMT |
||
| 080 |
_22007 _a35.078.3 |
||
| 090 |
_a35.078.3 _bS725u |
||
| 100 | 1 | _aSousa, Augusto Gonçalves de | |
| 245 | 1 | 4 |
_aUma breve história do Sistema de Observação das Contas Públicas (MIRANTE) : _ba história do sistema de inteligência no planejamento assertivo e na execução de auditórias no Tribunal de Contas do Estado da Bahia / _cAugusto Gonçalves de Sousa. |
| 260 |
_aSalvador : _bTCE-BA, _c2021. |
||
| 300 |
_a95 p. : _bil. ; _c22 cm |
||
| 490 | 1 |
_aColeção memória viva ; _vv. 2 |
|
| 610 | 1 |
_aTribunal de Contas do Estado da Bahia _zBahia |
|
| 650 |
_aControle externo _xHistória _zBahia |
||
| 650 | _aTecnologia da Informação | ||
| 830 | 0 |
_aMemória viva ; _v2 |
|
| 942 |
_2udc _cLV |
||
| 999 |
_c1226 _d1226 |
||